| 000 | 00619nam a22002417a 4500 | ||
|---|---|---|---|
| 003 | UA-OsUOA | ||
| 001 | 22095 | ||
| 007 | ta | ||
| 008 | 20031216b un ||||| |||| 00| 0 ukr d | ||
| 100 | _aИст Р.Ф. | ||
| 090 |
_a008(091)"652" _bИ93 |
||
| 942 | _cBK | ||
| 040 |
_aUA-OsUOA _brus _cUA-OsUOA _dUA-OsUOA |
||
| 245 | _aЗолотые мечи и колодки невольников | ||
| 300 |
_a200 с. _bІлюстрації |
||
| 955 | _a0 | ||
| 041 | _arus | ||
| 080 | _a008(091)"652" | ||
| 260 |
_aМосква _bНаука _c1975 |
||
| 044 | _aRU | ||
| 650 | 7 | _2UDC | |
| 999 |
_c308308 _d308308 |
||